Statistics for Miami Heat 2011-2012 roster

Click here to take the quiz!

General Stats

  • This quiz has been taken 783 times
    (745 since last reset)
  • The average score is 9 of 15

Answer Stats

HintAnswer% Correct
SFLebron James
98%
PFChris Bosh
97%
SGDwayne Wade
97%
PGMario Chalmers
86%
PFUdonis Haslem
71%
SFShane Battier
67%
PGNorris Cole
65%
SGMike Miller
62%
CJoel Anthony
59%
SFJames Jones
48%
CDexter Pittman
35%
PFJuwan Howard
34%
CRonny Turiaf
25%
CEddy Curry
21%
SGTerrel Harris
17%

Score Distribution

Percentile by Number Answered

Percent of People with Each Score

Your Score History

You have not taken this quiz since the last reset